Adversários do Botafogo no Campeonato Carioca - Statistics

Estatísticas Gerais
  • Esse quiz foi jogado 21 vezes
  • A pontuação média é 27 de 59
Estatísticas das Respostas
Clubes % Correto
Flamengo
100%
Vasco da Gama
100%
America
94%
América (Três Rios)
94%
Boavista (ant. Barreira)
94%
Fluminense
94%
Fluminense (Nova Friburgo)
94%
Nova Iguaçu
94%
Portuguesa
94%
Bangu
88%
Madureira
88%
Volta Redonda
88%
Duque de Caxias
75%
Macaé
75%
AA Cabofriense (1955)
69%
AD Cabofriense (1997)
69%
Americano (Campos)
69%
Americano (Vila Isabel)
69%
Olaria
69%
Resende
69%
Sampaio Corrêa
69%
Friburguense
63%
Goytacaz
63%
Maricá
63%
Niterói
63%
Bonsucesso
56%
São Cristóvão
56%
Audax Rio
50%
Mesquita
38%
Paissandu
38%
Serrano
38%
Campo Grande
31%
Entrerriense
31%
Mangueira
31%
Vila Isabel
31%
Canto do Rio
25%
Tigres
25%
Barra Mansa
19%
Itaperuna (ant. Porto Alegre)
19%
Nova Cidade
19%
Quissamã
19%
Rio Cricket
19%
Carapebus
13%
Cardoso Moreira
13%
Carioca
13%
Engenho de Dentro
13%
Football and Athletic
13%
Haddock Lobo
13%
Mavilis
13%
Riachuelo
13%
River
13%
Andaraí
6%
Brasil
6%
Cocotá
6%
Confiança
6%
Helênico
6%
Internacional
6%
Palmeiras
6%
Sírio e Libanês
6%
Nenhum quiz correspondente encontrado
Distribuição das Pontuações
Porcentagem de Pessoas com Cada Pontuação
Percentil de Números Respondidos
Sua Pontuação Histórica
Você não jogou esse quiz